| 000 | 00437nam a22001697a 4500 | ||
|---|---|---|---|
| 005 | 20221215114041.0 | ||
| 008 | 221215b |||||||| |||| 00| 0 eng d | ||
| 020 | _a978-93-5596-596-7 | ||
| 041 | _aeng | ||
| 082 | _a388.7-PUR-E | ||
| 100 |
_aPURI,V.K AND MISHRA ,S.K _97338 |
||
| 245 | _aECONOMIC ENVIRONMENT OF BUSINESS | ||
| 250 | _a12th ed. | ||
| 260 |
_aMUMBAI. _bHIMALAYA PUBLISHING HOUSE _c2022 |
||
| 300 | _a748;P. | ||
| 942 | _cBK | ||
| 999 |
_c8037 _d8035 |
||